Statistics for NBA Multiple Choice (Hard)

Click here to take the quiz!

General Stats

  • This quiz has been taken 54 times
  • The average score is 6 of 10

Answer Stats

QuestionAnswer% Correct
The "White Mamba" is the Nickname of Which NBA PlayerBrian Scalabrine
89%
How Many 3 pointers did Shaquille O'neal make in his Career1
87%
Which 2 of these 8 NBA Teams from the 1954-1955 Season Have Never RelocatedCeltics & Knicks
78%
Which of these Players Never Won a championshipLaMarcus Aldridge
70%
What is Ray Allen's First NameWalter
70%
Which NBA Player Waxed his Hands as a Pre-Game RitualMonta Ellis
59%
Which of these is the Heaviest Player in NBA HistoryOliver Miller
35%
Which 2 NBA Greats were going to have a 1v1, but last minute they cancelledHakeem & Shaq
33%
Which NBA Player Holds the Record for the Longest Amount of Time with 1 NBA TeamDirk Nowitzki
30%
Who Holds the Record for the Most Turnovers in a GameJason Kidd
28%

Score Distribution

Percentile by Number Answered

Percent of People with Each Score

Your Score History

You have not taken this quiz